00947cam a22002411 4500001001300000003000400013005001700017008004100034010001700075035001900092040003100111042001200142050002700154100003400181245004900215260009200264300002200356490005400378501019900432650002800631650002900659999001700688e 57000035 DLC20260227111236.0800130s1957 dcu 000 0 eng  ae 57000035  a(OCoLC)5927588 aDLCcArUdOCoLCdOrPSdDLC apremarc00aL111b.A6 1957, no. 221 aBrewster, Royce Edwin,d1899-10aGuidance workers certification requirements. a[Washington]bU.S. Dept. of Health, Education, and Welfare, Office of Educationc[1957] avi, 58 p.c24 cm.0 aU. S. Office of Education. Bulletin 1957,vno. 22 aCopies 1 and 2 of L111.A6 with: Conservation experiences for children / Effie G. Bathurst and Wihelmina Hill. Washington : Govt. Print. Off., 1957. Bound together subsequent to publication.5DLC 0aEducational counseling. 0aTeachersxCertification. c22278d22278